Význam logistiky v súčasnom riadení podniku
Internacionalizácia súčasnej doby. Aktuálne problémy konkurencie. Postavenie logistiky v riadení podniku. Kvalita logistických služieb.
Uložené v:
| Hlavný autor: | |
|---|---|
| Médium: | Kapitola |
| Jazyk: | Slovak |
| Predmet: | |
| Tagy: |
Žiadne tagy, Buďte prvý, kto otaguje tento záznam!
|
MARC
| LEADER | 00000naa a2200000 4500 | ||
|---|---|---|---|
| 001 | 0222984 | ||
| 005 | 20231120131145.2 | ||
| 041 | 0 | |a slo | |
| 044 | |a SK | ||
| 245 | 1 | 0 | |a Význam logistiky v súčasnom riadení podniku |c Viera Šukalová |
| 520 | |a Internacionalizácia súčasnej doby. Aktuálne problémy konkurencie. Postavenie logistiky v riadení podniku. Kvalita logistických služieb. | ||
| 610 | 2 | 0 | |a riadenie podnikové |
| 610 | 2 | 0 | |a internacionalizácia |
| 610 | 2 | 0 | |a konkurencia |
| 610 | 2 | 0 | |a služby logistické |
| 610 | 2 | 0 | |a podnik logistický |
| 610 | 2 | 0 | |a logistika |
| 100 | 1 | |a Šukalová, Viera | |